000 00657nam a2200241Ia 4500
003 OSt
005 20220924132010.0
006 a|||||r|||| 00| 0
007 ta
008 220923b |||||||| |||| 00| 0 tel d
020 _c32.00
024 _a335694
037 _cTextual
040 _aARTS
_cARTS
_btel
041 _2tel
_atel
082 _a035,3NKAN,1, M8
100 _aReddy Kodandarami Au.
_9203502
245 0 _aPaapaala bhairayudu
260 _aVijaywada
_bNavajyothi publication
_c1988
650 _aTELUGU FICTION
942 _h035,3NKAN,1, M8
_cTEXL
_2CC
999 _c428953
_d428953